=LDR 00000nam 2200000 4500 =001 INLIS000000000026395 =005 20130612124835 =008 ***********************************Ind** =035 ##$$0010-061300000026395 =041 ##$$a Ind =082 ##$$a 352 =090 ##$$a 352, Man h =100 ##$$a Manan, Bagir =245 ##$$a Hubungan antara pusat dan daerah menurut UUD 1945, Bagir Manan =260 ##$$a 1994 $b Jakarta =300 ##$$a 267 hlm, 23 cm =650 ##$$a UUD 1945 =850 ##$$a NBPNMAT